| 000 | 00568nam a2200193Ia 4500 | ||
|---|---|---|---|
| 005 | 20250508163351.0 | ||
| 008 | 008 250505s9999 xx 000 0 eng d | ||
| 037 | _aTextual | ||
| 040 |
_aFEDL _beng _cFEDL |
||
| 041 |
_aeng _2eng |
||
| 084 |
_a589, SMI _qFEDL |
||
| 100 |
_aSmith Gilbert M _9775215 |
||
| 245 | 0 | _aCryptogamic botany, V 1 | |
| 260 |
_aNew York, USA _bMcGraw Hill Book Company Inc _c1955 |
||
| 300 | _aix,546p | ||
| 490 | _aMcGraw-Hill publications in the botanical sciences | ||
| 942 |
_cTEXL _h589, SMI |
||
| 999 |
_c1382593 _d1382593 |
||